000 00616nam a2200253Ia 4500
008 181129s9999 xx 000 0 und d
020 _a0439063663
050 _bM133 1998
100 _aMcCully, Emilly Arnold
245 0 _aBeautiful warrior :
245 4 _bthe legend of the Nun's Kung Fu /
245 0 _cby Emily Arnold McCully.
260 _aNew York, NY :
260 _bScholastic,
260 _c1998
300 _aunpaged :
300 _bcolor illustrations ;
300 _c23cm.
500 _a630L
650 _aChina.
650 _aGender role.
650 _aKung Fu.
700 _aTitle.
999 _c359974
_d359974